Central Library OPAC University of Rajshahi

Theoretical criminology / (Record no. 5909)

MARC details
000 -LEADER
fixed length control field 00652nam a2200217 a 4500
001 - CONTROL NUMBER
control field 5909
003 - CONTROL NUMBER IDENTIFIER
rucl marc code BD-RjUL
005 - DATE AND TIME OF LATEST TRANSACTION
control field 20211208234143.0
008 - FIXED-LENGTH DATA ELEMENTS--GENERAL INFORMATION
fixed length control field 14 r19671958nyu b 001 0 eng
035 ## - SYSTEM CONTROL NUMBER
System control number (BD-RjUL)5948
040 ## - CATALOGING SOURCE
Original cataloging agency BD-RjUL
Language of cataloging eng
Transcribing agency BD-RjUL
Modifying agency BD-RjUL
041 ## - LANGUAGE CODE
Language code of text/sound track or separate title eng
082 04 - DEWEY DECIMAL CLASSIFICATION NUMBER
Edition number 16
Classification number 364
Author mark and year VOT 1967
100 1# - MAIN ENTRY--PERSONAL NAME
Personal name Vold, George B.
Fuller form of name (George Bryan),
Dates associated with a name 1896-1967.
9 (RLIN) 18576
245 10 - TITLE STATEMENT
Title Theoretical criminology /
Statement of responsibility, etc. George B. Vold.
260 ## - PUBLICATION, DISTRIBUTION, ETC. (IMPRINT)
Place of publication, distribution, etc. New York ;
-- Oxford :
Name of publisher, distributor, etc. Oxford University Press,
Date of publication, distribution, etc. 1958 [printing 1967].
300 ## - PHYSICAL DESCRIPTION
Pagination xi, 334 p. ;
Size 25 cm.
504 ## - BIBLIOGRAPHY, ETC. NOTE
Bibliography, etc Includes index.
650 #0 - SUBJECT ADDED ENTRY--TOPICAL TERM
Topical term or geographic name as entry element Criminal anthropology
9 (RLIN) 15033
942 ## - ADDED ENTRY ELEMENTS (KOHA)
Source of classification or shelving scheme Dewey Decimal Classification
Koha item type Books
Holdings
Lost status Source of classification or shelving scheme Damaged status Not for loan Collection code Permanent Location Current Location Shelving location Date acquired Source of acquisition Cost, normal purchase price Total Checkouts Full call number Date last seen Copy number Koha item type
  Dewey Decimal Classification     Non-fiction Central Library, University of Rajshahi Central Library, University of Rajshahi   06/01/1975 Johnathan wren & co., London 2.90   364 VOT 1967 08/01/2014 C-3 Books
  Dewey Decimal Classification     Non-fiction Central Library, University of Rajshahi Central Library, University of Rajshahi   07/06/1968 Asia foundation     364 VOT 1967 05/11/2016 C-2 Books
  Dewey Decimal Classification   Not For Loan Non-fiction Central Library, University of Rajshahi Central Library, University of Rajshahi Reading Room 08/07/1970 Sweets and Zeithlinger 53.00   364 VOT 1967 28/12/2016 C-1 Books